000 00584nam a2200157 4500
001 1493
005 20181127163408.0
090 0 0 _a336.025 D4193y 2008
110 _aDepartment of Revenue and Customs.
_b
_c
_d
_e
_n
_p
245 0 0 _aYongsel /
_cPublic Information Services , Department of Revenue and Customs.
_h
260 0 0 _aThimphu :
_bDepartment of Revenue and Customs,
_c2008.
300 0 0 _a62 p. : col. ill.
500 0 0 _aElectronic copy available on RTC Cloud in "Library" folder
650 0 0 _aRevenue --Bhutan.
_x
650 0 0 _aTax administration and procedure --Bhutan --Periodicals.
_x
999 _c1112
_d1112